Historia de las lenguas del antiguo Obispado de Trujillo (Registro nro. 21938)

Detalles MARC
000 -Cabecera
Campo de control interno 00859nam a2200265Ia 4500
005 - Fecha y hora del registro
control field 20260320113327.0
008 - Elementos de Longitud Fija
fixed length control field 260320s9999||||xx |||||||||||||| ||und||
020 ## - ISBN
ISBN 9786125043351
041 ## - Idioma
Codigo Idioma Ingles-Español
082 ## - DEWEY y NOTACIÓN INTERNA
Dewey 417.70985
Notación Interna S17
100 ## - AUTOR
Autor denominación Salas García, José Antonio,
Término de relación autor
245 #0 - TÍTULO DE MATERIAL BIBLIOGRÁFICO
Título Historia de las lenguas del antiguo Obispado de Trujillo
Título paralelo
246 ## - TÍTULO TRADUCIDO
Título History of the languages of the ancient Bishopric of Trujillo
Título paralelo
Autor
250 ## - EDICIÓN
Edición Primera edición
260 ## - CIUDAD, EDITORIAL, AÑO
Ciudad Lima :
Nombre de la Editorial Ernst & Young Consultores,
Año 2023
300 ## - DESCRIPCIÓN
N° Páginas 375 páginas :
Otros detalles ilustraciones, mapas ;
Dimensiones 29 cm.
Material Adicional
440 ## - MENCIÓN DE SERIE
Título de la Serie
Número de Serie
Volumen de Serie
650 ## - TEMAS
Temas Lenguas
653 ## - DESCRIPTORES
Lenguajes no controlado Historia de las lenguas; Perú
654 ## - PROGRAMAS
Programa Dpto. de Humanidades
700 ## - OTROS AUTORES
Otros autores
Títulos y otras palabras asociadas con el nombre
856 ## - URL - UBICACIÓN
URI/URL: Enlace exacto del recurso <a href="https://www-jstor-org.ucsp.lookproxy.com/">https://www-jstor-org.ucsp.lookproxy.com/</a>
Nota pública: Versión digital <a href="Véase además: Base de datos JSTOR">Véase además: Base de datos JSTOR</a>
942 ## - ELEMENTOS DE KOHA
Tipo de documento Libro
Nombre del creador Justo Noguera
Código de catalogador Mirtha Ponce
Esquema de clasificación Dewey Decimal Classification
Suppress in OPAC
Existencias
Codigo completo Registro Colección Copia número Disponibilidad Tipo de préstamo Biblioteca Actual Procedencia (Biblioteca) Ubicacón Fecha Ingreso Tipo de Adquisición Observación Date last seen Total checkouts Price effective from Tipo de Item Estado del Material Fuente de Clasificación Damaged status Withdrawn status
417.70985 S17 1086337 Universidad Católica San Pablo 1 Disponible Disponible Víctor Andrés Belaunde Víctor Andrés Belaunde Planta baja abierta 10/03/2026 Donación Ey Perú 20/03/2026   20/03/2026 Libro Bueno Dewey Decimal Classification